[Event "Almansa op-B"]
[Site "Almansa"]
[Date "2022.08.14"]
[Round "8"]
[White "Sanchez Fernandez, Jose Joaquin"]
[Black "Garcia Ruano, Juan Carlos"]
[Result "1-0"]
[WhiteElo "1967"]
[BlackElo "1878"]
[PlyCount "59"]
[EventDate "2022.08.10"]
[EventType "swiss"]
[EventRounds "8"]
[EventCountry "ESP"]
[SourceTitle "CBM 210 Extra"]
[Source "ChessBase"]
[SourceDate "2022.11.30"]
[SourceVersion "1"]
[SourceVersionDate "2022.11.30"]
[SourceQuality "1"]

1. e4 e6 2. b3 d5 3. Bb2 Nf6 4. e5 Nfd7 5. f4 c5 6. Nf3 a6 7. Bd3 Nc6 8. 0-0 b5 9. f5 exf5 10. Bxf5 d4 11. e6 fxe6 12. Bxe6 Nf6 13. Qe1 Bxe6 14. Qxe6+ Ne7 15. c3 dxc3 16. Nxc3 Qd7 17. Qe2 Rd8 18. a4 b4 19. Ne4 Nxe4 20. Qxe4 Qd5 21. Qe3 Qd3 22. Qxc5 Qxb3 23. Qh5+ Ng6 24. Rae1+ Kd7 25. Nd4 Qa2 26. Qf5+ Kd6 27. Re6+ Kc7 28. Qa5+ Kd7 29. Qxa6 Rc8 30. Qb5+ 1-0

[Event "Almansa op-B 6th"]
[Site "Almansa"]
[Date "2011.08.11"]
[Round "5.8"]
[White "Lopez Mulet, Inigo"]
[Black "Garcia Ruano, Juan Carlos"]
[Result "0-1"]
[WhiteElo "1780"]
[BlackElo "1965"]
[PlyCount "88"]
[EventDate "2011.08.09"]
[EventType "swiss"]
[EventRounds "9"]
[EventCountry "ESP"]
[SourceTitle "EXT 2024"]
[Source "ChessBase"]
[SourceDate "2023.10.10"]
[SourceVersion "1"]
[SourceVersionDate "2023.10.10"]
[SourceQuality "1"]

1. Nf3 d5 2. g3 Nf6 3. Bg2 g6 4. 0-0 Bg7 5. c4 c6 6. cxd5 cxd5 7. d4 0-0 8. Nc3 Nc6 9. Bf4 Qb6 10. b3 Rd8 11. Re1 Ne4 12. Na4 Qa5 13. e3 Bg4 14. a3 g5 15. b4 Qb5 16. h3 Bxf3 17. Bxf3 Nxd4 18. exd4 gxf4 19. Bxe4 dxe4 20. Nc3 Qc4 21. Nxe4 fxg3 22. Nxg3 Rxd4 23. Qf3 Qd5 24. Qxd5 Rxd5 25. Rac1 e6 26. Rc7 b5 27. Re3 Be5 28. Rb7 a5 29. Ne4 axb4 30. axb4 Ra1+ 31. Kg2 Rb1 32. Rf3 Rxb4 33. Ng5 Rf4 34. Nxf7 Rxf3 35. Kxf3 Bg7 36. Kg4 h6 37. f4 Rd4 38. Kh5 Kh7 39. Rxb5 Rxf4 40. Rb7 Rf5+ 41. Kg4 Kg6 42. Nd8 Be5 43. h4 h5+ 44. Kh3 Rf2 0-1

[Event "Almansa op-B 6th"]
[Site "Almansa"]
[Date "2011.08.09"]
[Round "1.9"]
[White "Garcia Ruano, Juan Carlos"]
[Black "Hernandez Martinez, Carlos"]
[Result "1-0"]
[WhiteElo "1965"]
[BlackElo "1588"]
[PlyCount "57"]
[EventDate "2011.08.09"]
[EventType "swiss"]
[EventRounds "9"]
[EventCountry "ESP"]
[SourceTitle "EXT 2024"]
[Source "ChessBase"]
[SourceDate "2023.10.10"]
[SourceVersion "1"]
[SourceVersionDate "2023.10.10"]
[SourceQuality "1"]

1. d4 d5 2. Nf3 Nf6 3. g3 e6 4. Bg2 Be7 5. 0-0 c6 6. Re1 Nbd7 7. c3 0-0 8. Nbd2 b6 9. e4 dxe4 10. Nxe4 Bb7 11. Nxf6+ Bxf6 12. Bf4 Be7 13. Qa4 Qc8 14. Rad1 Rd8 15. c4 h6 16. a3 g5 17. Bc1 Bf6 18. b4 b5 19. cxb5 cxb5 20. Qxb5 a6 21. Qe2 g4 22. Ne5 Nxe5 23. dxe5 Bxg2 24. Qxg4+ Bg5 25. Bxg5 hxg5 26. Qxg5+ Kh8 27. Kxg2 Qb7+ 28. Kg1 Rg8 29. Qh6# 1-0

[Event "Almansa op-B 5th"]
[Site "Almansa"]
[Date "2010.08.10"]
[Round "3.8"]
[White "Garcia Ruano, Juan Carlos"]
[Black "Romero Lopez, Cristina"]
[Result "1/2-1/2"]
[WhiteElo "1961"]
[BlackElo "1883"]
[PlyCount "94"]
[EventDate "2010.08.09"]
[EventType "swiss"]
[EventRounds "9"]
[EventCountry "ESP"]
[SourceTitle "EXT 2024"]
[Source "ChessBase"]
[SourceDate "2023.10.10"]
[SourceVersion "1"]
[SourceVersionDate "2023.10.10"]
[SourceQuality "1"]

1. d4 e6 2. Nf3 Nf6 3. g3 c5 4. Bg2 d5 5. 0-0 cxd4 6. Nxd4 Bc5 7. Bg5 h6 8. Bxf6 Qxf6 9. c3 0-0 10. e3 Nc6 11. Nd2 Bd7 12. Qh5 Bb6 13. Rad1 e5 14. Nxc6 bxc6 15. b4 Bf5 16. e4 Bg6 17. Qf3 Qxf3 18. Nxf3 Bxe4 19. Nxe5 Bc2 20. Rc1 Ba4 21. Rfe1 Rfe8 22. Bh3 Rad8 23. Bf1 Re7 24. Bd3 Rde8 25. Nf3 Rxe1+ 26. Nxe1 Re6 27. Kf1 Rf6 28. f4 g5 29. Ng2 gxf4 30. gxf4 Bc7 31. Re1 Kf8 32. Kf2 Bxf4 33. Nxf4 Rxf4+ 34. Kg3 Rf6 35. Rc1 Ke7 36. h4 Kd6 37. Kg4 Rf2 38. Kh5 Rd2 39. Bb1 Rh2 40. Rf1 Ke7 41. Rf4 Bc2 42. Bxc2 Rxc2 43. Rf3 Rh2 44. Rf4 Rc2 45. Rf3 Rh2 46. Rf4 Rc2 47. Rf3 Rh2 1/2-1/2